000 00292nam a22001337a 4500
008 170525b xxu||||| |||| 00| 0 eng d
020 _a9780130176967
041 _aeng
080 _a62
100 _a26
101 _aIM
245 _aENGINEERING WITH EXCEL
_cLARSEN.R.W
942 _2udc
_cBK
999 _c14236
_d14236